000 00263nmm a2200085Ia 4500
008 220120s9999||||xx |||||||||||||||||und||
100 _aDigit May 2010
245 0 _a250 freeware internetmultimedia developer systems tools, 600
260 _aCyber tach publication
_c2010
999 _c139477
_d139477